| 000 | 00389pab a2200133 454500 | ||
|---|---|---|---|
| 008 | 180718b xxu||||| |||| 00| 0 eng d | ||
| 100 | _aOommen M.A. | ||
| 245 | _aBhagwati-Srinivasan paper on India's economic reforms': a critique | ||
| 362 | _a31(46) 25 Sep 93, p.11-14 | ||
| 650 | _a Economic Reforms -- India | ||
| 650 | _aIndia -- Economic Policy | ||
| 773 | _aMainstream | ||
| 909 | _a24940 | ||
| 999 |
_c24940 _d24940 |
||